00344nam a2200145Ia 45000030006000000080041000060400015000471000015000622450033000772500007001102600043001173000009001605460012001690050017001810STCL150530s9999 xx 000 0 und d aSTCLcSTCL aBritannica aNew Encyclopeadia Britannica a15 bHelen Hemingway Benton ; Chicagoc1983 a1026 aEnglish20220125160227.0